| 000 | nam a22 7a 4500 | ||
|---|---|---|---|
| 999 |
_c233516 _d233516 |
||
| 003 | Nust | ||
| 005 | 20170308131848.0 | ||
| 008 | 170308b xxu||||| |||| 00| 0 eng d | ||
| 040 | _cdlc | ||
| 082 | _a338.43 HAL | ||
| 100 | _aHallmark,S. | ||
| 245 | _aIn use Fuel Economy and Emission Benifits of Hybrid Electric School Buses in Lowa | ||
| 942 |
_2ddc _cBK |
||